01664 a2200217 4500001000500000005001700005008004100022003001500063040004000078080002200118245005000140020001800190250001200208264004300220300001700263505100100280100001801281700002201299700002701321856009801348447420260407155435.0260407a1990 arg spa dAR-UNSa-BCEJYS aAR-UNSa-BCEJYSbspacAR-UNSa-BCEJYS a657xContabilidad10aTratado de contabilidad intermedia y superior a950-537-161-6 a3a. ed. 1aBuenos Aires :bEdiciones Macchic1990 a2 v.c22 cm. aVol. 1: 1. Introducción - 2. Mediación-valuación - 3. Teoría contable básica - 4. Preparación y presentación de la información contable - 5. El tiempo en la vida de las empresas. Momentos y períodos - 6. Estructura patrimonial de la empresa - 7. Caja y bancos - 8. Inversiones temporarias - 9. Cuentas por cobrar - 10. Bienes de cambio - 11. Inversiones permanentes - Vol. 2: 12. Inversiones permanentes en acciones. Combinaciones de negocios - 13. Bienes de uso o propiedad, planta y equipo - 14. Activos intangibles - 15. Compromisos. Cuentas por pagar. Deudas - 16. Pasivo contingente - 17. Otros pasivos - 18. Operaciones en moneda extranjera - 19. Capital propio. Patrimonio neto. Aportes de los propietarios - 20. Los resultados del ejercicio económico - 21. Soluciones parciales - 22. Soluciones integrales. Ajuste por inflación - 23. Cambios en la posición financiera de la empresa - 24. Conversión de estados contables a moneda extranjera. Teoría y práctica1 aBiondi, Mario1 aBiondi, Mario (h)1 aColamussi, Rosa Teresa41uhttps://www.biblioeco.unsa.edu.ar/pmb/images/libros/L53158.jpgyImagen de portadaqimage/jpeg